00582 2200217 4500001002100000005001700021008004100038035002400079082001000103090001500113245005500128260004400183300002500227500002800252650002500280700001300305850001200318980001300330985000600343999001500349YOGYA-0209000002699820090227024115.0 ind  0010-020900000026998 a959.8 a959.8bBun aBUNGA rampai temu budaya Nusantara PRd 3cIsmuha H aBanda AcehbPekan Kebudayaan Acehc1988 a686 hlmbilusc21 cm aBibliiografi : hlm. 664 aKebudayaan Indonesia aIsmuha H aYOPDYOG a11-01-07 a1 a06A0019171